[Event "Oberliga Sued W 1920"]
[Site "Germany"]
[Date "2020.02.09"]
[Round "6.8"]
[White "Tresch, Lukas"]
[Black "Kanno, Clara Yumi"]
[Result "1-0"]
[WhiteElo "2042"]
[BlackElo "1130"]
[PlyCount "83"]
[EventDate "2019.09.29"]
[EventType "team-tourn"]
[EventRounds "9"]
[EventCountry "GER"]
[SourceTitle "EXT 2021"]
[Source "ChessBase"]
[SourceDate "2020.10.23"]
[SourceVersion "1"]
[SourceVersionDate "2020.10.23"]
[SourceQuality "1"]

1. e4 c5 2. Nf3 d6 3. Bb5+ Nc6 4. 0-0 e6 5. Re1 a6 6. Bf1 Qc7 7. c3 Be7 8. d4 Nf6 9. Bg5 cxd4 10. cxd4 0-0 11. Nc3 h6 12. Bh4 b5 13. Rc1 Qb8 14. e5 dxe5 15. dxe5 Nd7 16. Ne4 Bxh4 17. Rxc6 Be7 18. Nd6 Bxd6 19. Rxd6 Rd8 20. Qd2 a5 21. Nd4 Bb7 22. Nxb5 Bd5 23. Qd4 Qb7 24. Rd1 Rac8 25. Nc3 Bc6 26. b3 Rc7 27. f3 Qc8 28. Nb5 Rb7 29. Na7 Rxa7 30. Qxa7 Kf8 31. Ba6 Qb8 32. Qxb8 Rxb8 33. Rxc6 Nxe5 34. Rc7 g6 35. f4 Ng4 36. Rdd7 Nf6 37. Rxf7+ Ke8 38. Rxf6 Rd8 39. Bb5+ Rd7 40. Rxd7 h5 41. Rxg6 a4 42. Rg8# 1-0

[Event "Rheinland Pfalz op 11th"]
[Site "Weilerbach"]
[Date "2019.06.23"]
[Round "7"]
[White "Musiolik, David"]
[Black "Tresch, Lukas"]
[Result "1/2-1/2"]
[WhiteElo "2132"]
[BlackElo "2020"]
[PlyCount "27"]
[EventDate "2019.06.20"]
[EventType "swiss"]
[EventRounds "7"]
[EventCountry "GER"]
[SourceTitle "CBM 191 Extra"]
[Source "ChessBase"]
[SourceDate "2019.09.30"]
[SourceVersion "1"]
[SourceVersionDate "2019.09.30"]
[SourceQuality "1"]

1. e4 c5 2. Nf3 d6 3. d4 cxd4 4. Nxd4 Nf6 5. Nc3 a6 6. Be2 g6 7. Be3 Bg7 8. 0-0 0-0 9. Kh1 Nbd7 10. a4 Qc7 11. Nd5 Nxd5 12. exd5 Nc5 13. Bf3 Re8 14. c3 1/2-1/2

[Event "Rheinland Pfalz op 11th"]
[Site "Weilerbach"]
[Date "2019.06.22"]
[Round "5"]
[White "Hoekstra, Peter"]
[Black "Tresch, Lukas"]
[Result "0-1"]
[WhiteElo "1979"]
[BlackElo "2020"]
[PlyCount "50"]
[EventDate "2019.06.20"]
[EventType "swiss"]
[EventRounds "7"]
[EventCountry "GER"]
[SourceTitle "CBM 191 Extra"]
[Source "ChessBase"]
[SourceDate "2019.09.30"]
[SourceVersion "1"]
[SourceVersionDate "2019.09.30"]
[SourceQuality "1"]

1. e4 e5 2. Nf3 Nc6 3. d4 exd4 4. Bc4 Bc5 5. c3 Nf6 6. cxd4 Bb4+ 7. Bd2 Bxd2+ 8. Nbxd2 d5 9. exd5 Nxd5 10. 0-0 0-0 11. Rc1 Bf5 12. Re1 Nb6 13. Bb3 Qd7 14. Ne4 Rad8 15. Nc5 Qc8 16. Qd2 Bg4 17. Re4 Bxf3 18. gxf3 Rd6 19. Rg4 Rfd8 20. Qf4 Nd5 21. Qg3 Rg6 22. Rxg6 hxg6 23. Qg5 Nxd4 24. Bxd5 Ne2+ 25. Kg2 Rxd5 0-1

[Event "Kiel op 30th"]
[Site "Kiel"]
[Date "2017.07.30"]
[Round "3"]
[White "Junge, Ralf"]
[Black "Tresch, Lukas"]
[Result "1/2-1/2"]
[WhiteElo "2286"]
[BlackElo "2038"]
[PlyCount "153"]
[EventDate "2017.07.29"]
[EventType "swiss"]
[EventRounds "9"]
[EventCountry "GER"]
[SourceTitle "EXT 2018"]
[Source "ChessBase"]
[SourceDate "2017.10.13"]
[SourceVersion "1"]
[SourceVersionDate "2017.10.13"]
[SourceQuality "1"]

1. d4 Nf6 2. c4 e6 3. Nc3 Bb4 4. Qc2 Nc6 5. Nf3 d6 6. Bd2 0-0 7. a3 Bxc3 8. Bxc3 Qe7 9. g3 e5 10. d5 Nb8 11. e4 c6 12. Bg2 cxd5 13. cxd5 b6 14. 0-0 Ba6 15. Rfe1 Nbd7 16. b4 Rfc8 17. a4 Rc7 18. Qb2 Rac8 19. Ra3 g6 20. Nd2 Nh5 21. Bh3 Rf8 22. Qa1 f6 23. Qd1 Rfc8 24. Re3 Ng7 25. Kg2 Nh5 26. Be6+ Kh8 27. Bb2 Rc2 28. Rab3 R2c7 29. Rbc3 Rxc3 30. Rxc3 Rxc3 31. Bxc3 Nf8 32. Bh3 Qc7 33. Qb3 Nd7 34. Bb2 b5 35. Kg1 Ng7 36. a5 Bc8 37. Bf1 a6 38. Qc3 Ne8 39. Qxc7 Nxc7 40. Bh3 Kg7 41. Nb3 Kf7 42. Bc1 Ke7 43. Be3 Bb7 44. Bb6 Kd8 45. f3 Bc8 46. Ba7 f5 47. Nd2 Nf6 48. Bg2 fxe4 49. fxe4 Bg4 50. Kf2 Bd7 51. h3 Ke7 52. Bb6 Nce8 53. Be3 Nc7 54. Bg5 Kf7 55. Be3 Ke7 56. g4 Kf7 57. Kg3 h5 58. Bf3 hxg4 59. hxg4 Kg7 60. Kh4 Kf7 61. g5 Nfe8 62. Bb6 Ke7 63. Nf1 Kf7 64. Ne3 Ke7 65. Ng4 Kf7 66. Bg2 Bc8 67. Bh3 Bd7 68. Nxe5+ dxe5 69. Bxd7 Ke7 70. Bg4 Kd8 71. Be6 Nd6 72. Bc5 Nxe4 73. Bf7 Kd7 74. Be3 Nc3 75. Bxg6 N7xd5 76. Bc5 Ke6 77. Bh5 1/2-1/2

[Event "Kiel op 30th"]
[Site "Kiel"]
[Date "2017.07.29"]
[Round "2"]
[White "Tresch, Lukas"]
[Black "Bente, Bjoern"]
[Result "1/2-1/2"]
[WhiteElo "2038"]
[BlackElo "2310"]
[PlyCount "33"]
[EventDate "2017.07.29"]
[EventType "swiss"]
[EventRounds "9"]
[EventCountry "GER"]
[SourceTitle "EXT 2018"]
[Source "ChessBase"]
[SourceDate "2017.10.13"]
[SourceVersion "1"]
[SourceVersionDate "2017.10.13"]
[SourceQuality "1"]

1. e4 c6 2. d4 d5 3. exd5 cxd5 4. c4 Nf6 5. Nc3 Nc6 6. Nf3 Bg4 7. cxd5 Nxd5 8. Qb3 Bxf3 9. gxf3 e6 10. Qxb7 Nxd4 11. Bb5+ Nxb5 12. Qc6+ Ke7 13. Qc5+ Ke8 14. Qc6+ Ke7 15. Qc5+ Ke8 16. Qc6+ Ke7 17. Qc5+ 1/2-1/2

[Event "GER-ch U25-A"]
[Site "Willingen"]
[Date "2017.06.04"]
[Round "1"]
[White "Helmer, Jan"]
[Black "Tresch, Lukas"]
[Result "0-1"]
[WhiteElo "1809"]
[BlackElo "1963"]
[PlyCount "124"]
[EventDate "2017.06.04"]
[EventType "swiss"]
[EventRounds "9"]
[EventCountry "GER"]
[SourceTitle "CBM 178 Extra"]
[Source "ChessBase"]
[SourceDate "2017.06.22"]
[SourceVersion "1"]
[SourceVersionDate "2017.06.22"]
[SourceQuality "1"]

1. d4 Nf6 2. Bg5 e6 3. Nd2 c5 4. c3 d5 5. e3 Be7 6. Bd3 b6 7. Ngf3 0-0 8. 0-0 Ba6 9. Bxa6 Nxa6 10. Qe2 Nc7 11. Ne5 Qe8 12. f3 Rc8 13. Rac1 Qb5 14. Qxb5 Nxb5 15. Bxf6 gxf6 16. Nd3 Kh8 17. a4 Nc7 18. b4 Na6 19. b5 Nb8 20. dxc5 Bxc5 21. Nxc5 Rxc5 22. Rc2 Rfc8 23. Rfc1 Nd7 24. f4 R5c7 25. c4 Kg7 26. e4 d4 27. Nb3 e5 28. fxe5 fxe5 29. Kf2 Nf6 30. Kf3 h5 31. h3 Nh7 32. Ke2 Ng5 33. Kd3 Ne6 34. g3 Kh6 35. Rf2 Rg8 36. Rf3 h4 37. g4 Nf4+ 38. Rxf4 exf4 39. Nxd4 Rd8 40. Kc3 Rcd7 41. Rd1 f3 42. Nf5+ Kg5 43. Rf1 Rd3+ 44. Kb4 f6 45. Ng7 R8d6 46. Nf5 Rd7 47. a5 Rc7 48. a6 Rc5 49. Ne7 Kf4 50. Nf5 Kxe4 51. Nxh4 Re3 52. Nf5 Re2 53. Ng3+ Ke3 54. Nf5+ Rxf5 55. gxf5 f2 56. c5 Re1 57. Rxf2 Kxf2 58. cxb6 axb6 59. Kc4 Rd1 60. h4 Rd7 61. h5 Kf3 62. h6 Ke4 0-1

[Event "Pfalz-ch MT-A 86th"]
[Site "Wolfstein"]
[Date "2017.04.07"]
[Round "1"]
[White "Syrov, Arkadi"]
[Black "Tresch, Lukas"]
[Result "1-0"]
[WhiteElo "2175"]
[BlackElo "2033"]
[PlyCount "47"]
[EventDate "2017.04.07"]
[EventType "tourn"]
[EventRounds "9"]
[EventCountry "GER"]
[SourceTitle "EXT 2018"]
[Source "ChessBase"]
[SourceDate "2017.10.13"]
[SourceVersion "1"]
[SourceVersionDate "2017.10.13"]
[SourceQuality "1"]

1. d4 Nf6 2. c4 e6 3. Nc3 Bb4 4. Qc2 Nc6 5. Nf3 d6 6. Bd2 0-0 7. a3 Bxc3 8. Bxc3 Qe7 9. e3 e5 10. d5 Nb8 11. Nd2 c6 12. dxc6 Nxc6 13. Bd3 Be6 14. 0-0 d5 15. b4 e4 16. Be2 Rac8 17. b5 Nb8 18. Bb4 Qd7 19. Bxf8 Kxf8 20. c5 Qe7 21. Rac1 Nbd7 22. c6 bxc6 23. bxc6 Qxa3 24. cxd7 1-0

[Event "Rheinland Pfalz op 5th"]
[Site "Worms"]
[Date "2013.06.01"]
[Round "5"]
[White "Knapp, Michael"]
[Black "Tresch, Lukas"]
[Result "1-0"]
[WhiteElo "1965"]
[BlackElo "1711"]
[PlyCount "55"]
[EventDate "2013.05.30"]
[EventType "swiss"]
[EventRounds "7"]
[EventCountry "GER"]
[SourceTitle "EXT 2014"]
[Source "ChessBase"]
[SourceDate "2013.11.20"]
[SourceVersion "1"]
[SourceVersionDate "2013.11.20"]
[SourceQuality "1"]

1. d4 Nf6 2. c4 c5 3. d5 b5 4. cxb5 a6 5. bxa6 Bxa6 6. Nc3 g6 7. e4 Bxf1 8. Kxf1 d6 9. Nf3 Nbd7 10. g3 Bg7 11. Kg2 0-0 12. h3 Qa5 13. Qc2 Rfb8 14. Rb1 Ne8 15. Bd2 Nc7 16. Rhe1 Nb5 17. Nxb5 Qxb5 18. b3 Qa6 19. a4 c4 20. Qxc4 Qxc4 21. bxc4 Rxb1 22. Rxb1 Rxa4 23. Rb7 Nc5 24. Rb8+ Bf8 25. Bh6 Nd7 26. Rc8 f6 27. c5 dxc5 28. e5 1-0

[Event "Zweibruecken PSB-ch HT4 82nd"]
[Site "Zweibruecken"]
[Date "2013.03.29"]
[Round "5"]
[White "Meissner, Erhard"]
[Black "Tresch, Lukas"]
[Result "0-1"]
[WhiteElo "1139"]
[BlackElo "1809"]
[PlyCount "72"]
[EventDate "2013.??.??"]
[EventType "swiss"]
[EventRounds "7"]
[EventCountry "GER"]
[SourceTitle "EXT 2014"]
[Source "ChessBase"]
[SourceDate "2013.11.20"]
[SourceVersion "1"]
[SourceVersionDate "2013.11.20"]
[SourceQuality "1"]

1. d4 Nf6 2. Bf4 d5 3. Nf3 c5 4. e3 Nc6 5. c3 Bf5 6. Bd3 Bg6 7. Ne5 Nxe5 8. Bxe5 a6 9. Bxg6 hxg6 10. Nd2 e6 11. h3 Bd6 12. Bh2 Bxh2 13. Rxh2 Qd6 14. Rh1 g5 15. Nf3 g4 16. Ne5 gxh3 17. gxh3 Nd7 18. Nxd7 Qxd7 19. Qg4 g6 20. 0-0-0 cxd4 21. Qxd4 0-0-0 22. Qf6 Rh5 23. e4 Kb8 24. Kb1 Qc7 25. f4 Rdh8 26. h4 dxe4 27. Rde1 Rd8 28. Rd1 Rhd5 29. Rde1 Rf5 30. Qg7 Qxf4 31. Rhf1 Qxh4 32. Rh1 Qf6 33. Qxf6 Rxf6 34. Rxe4 Rd2 35. Rh8+ Ka7 36. Rh1 a5 0-1

[Event "Solingen Karneval op"]
[Site "Solingen"]
[Date "2013.02.10"]
[Round "5"]
[White "Tresch, Lukas"]
[Black "Rosenauer, Horst"]
[Result "1/2-1/2"]
[WhiteElo "1681"]
[BlackElo "1885"]
[PlyCount "88"]
[EventDate "2013.02.08"]
[EventType "swiss"]
[EventRounds "5"]
[EventCountry "GER"]
[SourceTitle "EXT 2015"]
[Source "ChessBase"]
[SourceDate "2014.11.20"]
[SourceVersion "1"]
[SourceVersionDate "2014.11.20"]
[SourceQuality "1"]

1. e4 c6 2. d4 d5 3. Nc3 dxe4 4. Nxe4 Bf5 5. Ng3 Bg6 6. h4 h6 7. Nf3 Nd7 8. h5 Bh7 9. Bd3 Bxd3 10. Qxd3 Ngf6 11. Bf4 e6 12. 0-0-0 Be7 13. Kb1 Qa5 14. Bd2 Qc7 15. Ne4 b5 16. g3 Nd5 17. Nc3 N7b6 18. Nxd5 Nxd5 19. Ne5 Bd6 20. f4 0-0 21. g4 c5 22. c3 cxd4 23. cxd4 b4 24. g5 hxg5 25. fxg5 Bxe5 26. dxe5 Qxe5 27. g6 fxg6 28. hxg6 Qf5 29. Qxf5 Rxf5 30. Rh4 Raf8 31. Bxb4 Rf4 32. Bxf8 Rxh4 33. Bc5 a6 34. Re1 Nf4 35. Bd6 Nxg6 36. Rxe6 Kf7 37. Re3 Rd4 38. Bc5 Rd5 39. b4 Ne5 40. Kc2 g5 41. Ra3 Nd7 42. Rxa6 Nxc5 43. bxc5 Rxc5+ 44. Kd3 g4 1/2-1/2

[Event "Rhein Main op-B 15th"]
[Site "Bad Homburg"]
[Date "2012.06.09"]
[Round "6"]
[White "Nothnagel, Marian Can"]
[Black "Tresch, Lukas"]
[Result "1/2-1/2"]
[WhiteElo "1723"]
[BlackElo "1551"]
[PlyCount "63"]
[EventDate "2012.06.06"]
[EventType "swiss"]
[EventRounds "7"]
[EventCountry "GER"]
[SourceTitle "EXT 2013"]
[Source "ChessBase"]
[SourceDate "2012.11.22"]
[SourceVersion "1"]
[SourceVersionDate "2012.11.22"]
[SourceQuality "1"]

1. c4 c6 2. Nf3 Nf6 3. g3 d5 4. d4 e6 5. Bg2 Nbd7 6. 0-0 Be7 7. Bf4 0-0 8. Nbd2 Re8 9. Re1 Nf8 10. e4 dxe4 11. Nxe4 Nxe4 12. Rxe4 Ng6 13. Bd2 b6 14. Bc3 Bb7 15. Re2 Qc7 16. Qc2 c5 17. b3 Rad8 18. Rd2 Bf6 19. Rad1 Bxf3 20. Bxf3 cxd4 21. Bxd4 Bxd4 22. Rxd4 Ne5 23. Bg2 h6 24. a3 Rxd4 25. Rxd4 Rd8 26. Qd2 Rxd4 27. Qxd4 Nc6 28. Qc3 Qe5 29. Qxe5 Nxe5 30. Kf1 Kf8 31. Ke2 Ke7 32. f4 1/2-1/2